| 000 | 00458nam a22001577a 4500 | ||
|---|---|---|---|
| 003 | macl | ||
| 005 | 20190327123339.0 | ||
| 008 | 190327b xxu||||| |||| 00| 0 eng d | ||
| 040 | _cmacl | ||
| 082 | _a294 | ||
| 100 |
_aसंतोष,जी के _973966 |
||
| 245 | _aमोक्षदायनी गंगा | ||
| 260 |
_aदिल्ली _bडायमंड बुक्स _c2017 |
||
| 650 |
_aधर्म _973967 |
||
| 942 |
_2ddc _cHIN |
||
| 999 |
_c59135 _d59135 |
||